[Event "Texas Collegiate chT 2017"]
[Site "Brownsville"]
[Date "2017.10.22"]
[Round "4"]
[White "Stukopin, Andrey"]
[Black "Heredia Serrano, Carla"]
[Result "1-0"]
[WhiteElo "2592"]
[BlackElo "2116"]
[Annotator "TA"]
[PlyCount "83"]
[EventDate "2017.??.??"]
[EventType "team-tourn"]
[EventCountry "USA"]
[SourceTitle "playchess.com"]
[Source "ChessBase"]
[SourceQuality "1"]

{[%evp 9,83,0,49,46,92,79,81,96,96,91,129,120,121,123,124,49,139,130,132,140,149,131,152,157,159,150,152,147,158,158,184,183,229,159,218,164,301,308,312,325,352,252,264,143,141,129,185,170,146,139,145,143,164,47,114,0,48,52,52,55,45,-402,0,-359,56,60,101,44,113,97,994,996,29997,29998,29998,29999]} 1. e4 c6 2. Nf3 d5 3. Nc3 Nf6 4. e5 Ne4 5. h3 (5. d4 Nxc3 6. bxc3 c5 7. Rb1 Nc6 8. dxc5 e6 9. Bd3 Bxc5 10. O-O h6 11. Qe2 O-O 12. c4 Nb4 13. Be3 Nxd3 14. cxd3 Bxe3 15. Qxe3 dxc4 16. dxc4 {½-½ (32) Short,N (2698)-Tari,A (2588) Douglas 2017}) 5... Bf5 6. Ne2 {B11: Caro-Kann: Two Knights Variation} e6 7. d3 Nc5 8. g4 $1 {[%cal Rg4f5] White is better.} Bg6 9. Nf4 $1 Be7 10. h4 h6 11. Nxg6 fxg6 12. d4 $146 (12. c3 $16) ({Predecessor:} 12. g5 h5 {0-1 (47) Lima,D (2496)-Shumyatsky,V (2382) Brasilia 2011}) 12... Ncd7 (12... Ne4 $14) 13. Bd3 $16 Nf8 14. c3 c5 15. Qc2 Kf7 16. dxc5 Bxc5 17. Bf4 Nc6 18. O-O-O Rc8 19. Kb1 $1 Qe8 20. Bg3 Ne7 21. Ne1 Nd7 (21... h5 $16) 22. f4 Rf8 (22... h5 $142) 23. h5 $18 gxh5 24. Rxh5 Kg8 25. Ng2 d4 26. Bc4 (26. Bh7+ $18 Kh8 27. Nh4 (27. cxd4 Bxd4 28. Qe2 Kxh7 $11)) 26... Nd5 $16 {Threatening ...N7b6.} 27. Qe4 (27. cxd4 $6 Be7 $14) 27... dxc3 (27... Bb6 $16 {was necessary.} 28. Bxd5 (28. Bd3 N7f6 $14) 28... exd5 29. Qxd5+ Kh8) 28. Rxd5 $1 $18 (28. Bxd5 Bf2 $11) 28... c2+ 29. Qxc2 exd5 30. Bxd5+ Kh8 31. Qd3 (31. Nh4 $18 {aiming for Ng6+.} Be3 32. Bc4 (32. Ng6+ $2 Qxg6 33. Bc4 Rxc4 $19)) 31... Nb6 (31... Be7 $1 $14) 32. Nh4 (32. Bxb7 Rd8 $17) (32. Bb3 $1 $16 {[%cal Rb3c2]} Rd8 33. Qe2) 32... Be3 {[%csl Ge3][%cal Rc8c1]} 33. a3 {[%cal Ba2a3,Ba3b4][%mdl 32]} (33. Ng6+ Qxg6 $1 {[%mdl 512]} 34. Rh1 Rc1+ $1 {[%mdl 512]} 35. Rxc1 Qxd3+ 36. Ka1 Bxc1 37. Be1 Qc2 38. Bc3 Bxb2+ $1 {[%mdl 512]} 39. Bxb2 Qd1+ 40. Bc1 Qxc1#) (33. Qxe3 $2 Nxd5 34. Qe4 Nf6 $1 $19 {[%mdl 512]}) 33... Nxd5 ({Avoid the trap} 33... Rc1+ $2 34. Ka2 $18) 34. Ng6+ $40 {[%mdl 128] White mounts an attack.} Kg8 35. Nxf8 $4 {[%mdl 8192] [#]} (35. Qxd5+ $14 {was the only good move.} Qf7 36. Ne7+ Kh8 37. Qxf7 Rc1+ 38. Ka2 Rxf7 39. Ng6+ Kh7 40. e6 Kxg6 41. f5+ Kf6 42. Bh4+ g5 43. fxg6+ Kxe6 44. gxf7) 35... Rc1+ $1 $19 36. Ka2 Nb4+ $2 (36... Qc6 $19 {Hoping for ...Bc5.} 37. Bh4 Rc2) 37. axb4 $14 {Black must now prevent Qh7+.} Qa4+ 38. Qa3 Qd1 (38... Qxa3+ $14 39. bxa3 Kxf8) 39. Qb3+ $16 Kxf8 $4 {[%mdl 8192]} (39... Qxb3+ $16 40. Kxb3 Kxf8) 40. Rf5+ $18 Ke8 41. Qe6+ Kd8 42. Rf8+ {Precision: White = 64%, Black = 31%.} 1-0

[Event "Texas Collegiate chT 2017"]
[Site "Brownsville"]
[Date "2017.10.22"]
[Round "4"]
[White "Baryshpolets, Andrey"]
[Black "Kovalyov, Anton"]
[Result "1/2-1/2"]
[WhiteElo "2580"]
[BlackElo "2663"]
[Annotator "TA"]
[PlyCount "22"]
[EventDate "2017.??.??"]
[EventType "team-tourn"]
[EventCountry "USA"]
[SourceTitle "playchess.com"]
[Source "ChessBase"]
[SourceQuality "1"]

{[%evp 21,22,0,8]} 1. d4 Nf6 2. c4 e6 3. g3 d5 4. Bg2 Be7 5. Nf3 O-O 6. O-O c6 7. Nc3 Nbd7 8. Bf4 $146 ({Predecessor:} 8. Qd3 b6 9. b3 Ba6 10. e4 Qc8 11. Bb2 Rd8 12. Rac1 Nc5 13. dxc5 dxe4 14. Qe2 exf3 15. Qxf3 Rd2 16. Na4 bxc5 17. Rcd1 Rxd1 18. Rxd1 {1-0 (27) Sarana,A (2543)-Fedoseev,V (2733) Sochi 2017}) 8... Nh5 9. Bc1 Nhf6 10. Bf4 Nh5 11. Bc1 Nhf6 1/2-1/2

[Event "Texas Collegiate chT 2017"]
[Site "Brownsville"]
[Date "2017.10.22"]
[Round "4"]
[White "Vorontsov, Pavlo"]
[Black "Arribas Lopez, Angel"]
[Result "1/2-1/2"]
[WhiteElo "2522"]
[BlackElo "2470"]
[Annotator "TA"]
[PlyCount "51"]
[EventDate "2017.??.??"]
[EventType "team-tourn"]
[EventCountry "USA"]
[SourceTitle "playchess.com"]
[Source "ChessBase"]
[SourceQuality "1"]

{[%evp 22,51,-15,-23,-21,-19,8,17,11,13,14,-12,22,33,38,15,8,2,4,17,18,16,41,43,35,17,8,0,0,0,0,0]} 1. c4 g6 2. g3 Bg7 3. Bg2 Nf6 4. Nc3 O-O 5. Nf3 d6 6. O-O c6 7. d3 Re8 8. Rb1 a5 9. a3 e5 10. Bg5 h6 11. Bxf6 Bxf6 12. Nd2 Bg7 {A24: English Opening vs King's Indian: Lines without ...Nc6} 13. Qc2 {[#]} h5 $146 ({Predecessor:} 13... Be6 14. b4 axb4 15. axb4 Nd7 16. b5 Qc7 17. Rb2 Ra3 18. Rfb1 Nc5 19. Nde4 Nxe4 20. Nxe4 {1-0 (63) Kasimdzhanov,R (2685)-Ganguly,S (2644) Guangzhou 2010}) 14. b4 axb4 15. axb4 h4 16. b5 hxg3 (16... h3 {feels hotter.} 17. Bh1 Be6 18. Ra1 Rxa1 19. Rxa1 d5) 17. hxg3 Be6 18. bxc6 bxc6 19. Ra1 Rxa1 20. Rxa1 Qc7 21. Ra8 f5 22. Qb3 Rd8 23. Na4 Bf6 {The position is equal.} 24. Qb4 d5 25. Nc5 Bf7 26. Qb7 {Precision: White = 50%, Black = 60%.} 1/2-1/2

[Event "Texas Collegiate chT 2017"]
[Site "Brownsville"]
[Date "2017.10.22"]
[Round "4"]
[White "Preotu, Razvan"]
[Black "Ruiz Castillo, Joshua Daniel"]
[Result "1/2-1/2"]
[WhiteElo "2502"]
[BlackElo "2379"]
[Annotator "TA"]
[PlyCount "147"]
[EventDate "2017.??.??"]
[EventType "team-tourn"]
[EventCountry "USA"]
[SourceTitle "playchess.com"]
[Source "ChessBase"]
[SourceQuality "1"]

{[%evp 21,147,0,13,22,20,2,12,0,0,0,0,0,0,-20,14,0,4,0,21,0,64,66,79,60,203,190,233,220,290,274,305,289,316,298,308,266,441,284,493,498,501,496,496,496,483,490,461,478,457,472,465,388,444,389,508,501,555,472,531,534,511,474,434,336,376,217,213,208,210,207,208,207,207,207,202,33,33,33,113,33,33,33,61,61,121,121,117,120,121,121,134,72,72,72,72,72,72,25,25,0,0,0,0,0,25,0,32,32,32,32,32,32,49,32,32,32,32,32,32,31,32,25,25,25,28,31,47,0]} 1. e4 c5 2. Nf3 d6 3. d4 cxd4 4. Nxd4 Nf6 5. Nc3 a6 6. h3 e5 7. Nde2 h5 {B90: Sicilian Najdorf: Unusual White 6th moves, 6 Be3 Ng4 and 6 Be3 e5} 8. Bg5 Be6 9. Bxf6 Qxf6 10. Nd5 Qd8 11. Qd3 Nd7 {LiveBook: 28 Games} 12. O-O-O g6 13. Kb1 Nc5 14. Qf3 Bg7 15. Nec3 {[#]} b5 $146 16. Ne3 h4 17. Ncd5 O-O 18. Rg1 Rc8 19. g3 {[%cal Bg2g3,Bg3f4,Bf4f5][%mdl 32]} Kh7 (19... Bh6 {is more complex.} 20. Bg2 Na4 21. Ng4 Bg7 22. Nge3 Bh6) 20. Bd3 (20. Bg2 {keeps more tension.} a5 21. Qe2 b4 22. f4 a4 23. f5) 20... Nxd3 (20... Rh8 $11) 21. Rxd3 $14 Rh8 22. Qg2 Rg8 (22... hxg3 $14 23. fxg3 Bh6) 23. f4 $1 $18 exf4 24. gxf4 Bh8 25. Qf3 Rc4 26. f5 (26. Nxc4 bxc4 27. Rdd1 Bxd5 $18) 26... Bxd5 27. Nxd5 {Threatens to win with fxg6+.} (27. Rxd5 Rc5 $18) 27... Be5 28. Qg4 {And now Rf3 would win.} Rg7 $2 (28... Bf6 29. a3 Rd4 30. Rxd4 Bxd4) 29. Rf3 Kh8 $2 (29... Kg8) 30. fxg6 fxg6 31. Rgf1 {White wants to mate with Rf8+.} Rc8 32. Rf7 {Hoping for Ne7.} Rb8 33. Ne7 Qxe7 34. Rxe7 Rxe7 35. Qxg6 Rg8 36. Qh6+ Rh7 37. Qe6 Rhg7 38. a3 a5 39. Rf7 {White threatens Qh6+ and mate.} Rxf7 40. Qxf7 {[%mdl 4096] Endgame KQ-KRB} Rg1+ 41. Ka2 Rg2 42. Qc7 a4 43. b3 (43. b4 $142) 43... Rg1 {[%csl Ge5][%cal Rg1a1]} 44. Qb8+ $1 Kh7 {[%csl Ge5][%cal Rg1a1]} 45. Qa7+ $1 Rg7 46. Qf2 Rg3 47. bxa4 bxa4 48. Qa7+ $2 ({White must play} 48. c4 $1 $18 {[%cal Rc4c5]} Kg7 49. c5 Rxh3 50. c6) 48... Kh6 49. Qd7 Kg5 {[#]} ({Black should play} 49... Kg6 $14) 50. Qf5+ (50. Qxa4 $6 Rxh3 51. Qd7 Rc3 $11) (50. c4 $1 $16) 50... Kh6 $14 51. Qf1 Kg5 52. Kb1 Kg6 ({Better is} 52... Rc3 $14) 53. c4 Rb3+ 54. Kc2 Rxa3 55. Qf5+ Kg7 {[#]} 56. c5 (56. Qe6 $142 $1) 56... Rc3+ $16 57. Kd2 Rxc5 {...Bc3+ is the strong threat.} 58. Qd7+ Kf6 59. Qd8+ Kg6 60. Qxh4 a3 {With the idea ...Bc3+.} 61. Qg4+ Kh6 62. h4 a2 63. h5 {[%csl Gh5][%cal Rg4g6]} Bc3+ (63... Rd5+ $5 64. exd5 Kh7 65. Qg6+ Kh8 66. Qh6+ Kg8 67. Qg6+ Kf8 68. Qf5+ Ke7 69. Qg5+ Kf8 70. Qd8+ Kg7 71. Qe7+ (71. Qg5+ Kf8 $11) 71... Kh6 $11) 64. Kd3 {[%csl Gh5][%cal Rg4g6]} Rg5 ({Wrong is} 64... Kh7 $2 65. Qg6+ Kh8 66. Qh6+ (66. Qxd6 Bg7 $11) 66... Kg8 67. Qe6+ (67. Qxd6 a1=Q $15) 67... Kh7 68. Qxa2 $18) 65. Qe6+ Kxh5 66. Qxa2 Be5 67. Qf7+ Kh4 68. Qf2+ Bg3 69. Qf1 Rc5 70. Qf6+ Kg4 71. Ke3 Be5 72. Qf5+ Kh4 73. Qf2+ Kg4 74. Qf5+ {Precision: White = 64%, Black = 53%.} 1/2-1/2

[Event "Texas Collegiate chT 2017"]
[Site "Brownsville"]
[Date "2017.10.22"]
[Round "4"]
[White "Popilski, Gil"]
[Black "Matsenko, Sergei"]
[Result "1/2-1/2"]
[WhiteElo "2499"]
[BlackElo "2542"]
[Annotator "TA"]
[PlyCount "21"]
[EventDate "2017.??.??"]
[EventType "team-tourn"]
[EventCountry "USA"]
[SourceTitle "playchess.com"]
[Source "ChessBase"]
[SourceQuality "1"]

{[%evp 13,21,16,15,-7,0,4,8,-5,3,-23]} 1. e4 e6 2. d4 d5 3. Nc3 Bb4 {[%cal Bf8b4,Bb4a5,Ba5b6][%mdl 32]} 4. exd5 exd5 5. Bd3 Nc6 6. a3 Ba5 7. Be3 Nge7 {LiveBook: 28 Games. The position is equal.} 8. b4 {C01: French: Exchange Variation} (8. Qf3 Be6 9. Nge2 Qd7 10. O-O Bg4 11. Qg3 O-O 12. Nf4 Bxc3 13. bxc3 Kh8 14. c4 Bf5 15. cxd5 Nxd5 16. Bxf5 Qxf5 17. Nxd5 Qxd5 {½-½ (72) Harikrishna,P (2706)-Edouard,R (2658) Caleta 2014}) 8... Bb6 9. Nce2 Nf5 {[%cal Rf5d4]} 10. Nf3 a5 $146 ({Predecessor:} 10... Qe7 11. Qd2 Nxe3 12. fxe3 O-O 13. c3 Bg4 14. Kf2 Bxf3 15. gxf3 Qh4+ {0-1 (60) Morvay,M (2255)-Koczka,Z (2280) Hungary 1997}) 11. c3 1/2-1/2

[Event "Texas Collegiate chT 2017"]
[Site "Brownsville"]
[Date "2017.10.22"]
[Round "4"]
[White "Hevia Alejano, Carlos Antonio"]
[Black "Duruoha-Ihemebiri, Opuriche"]
[Result "1-0"]
[WhiteElo "2496"]
[BlackElo "902"]
[Annotator "TA"]
[PlyCount "63"]
[EventDate "2017.??.??"]
[EventType "team-tourn"]
[EventCountry "USA"]
[SourceTitle "playchess.com"]
[Source "ChessBase"]
[SourceQuality "1"]

{[%evp 9,63,131,134,123,158,154,145,146,148,121,154,157,170,110,333,247,395,400,377,365,481,484,612,429,429,429,440,441,441,434,429,428,427,425,579,575,864,862,831,804,1010,987,2967,3051,29983,29984,29986,29987,29990,29991,29993,29994,29994,29995,29996,29996]} 1. e4 e6 2. d4 d5 3. Nc3 Nc6 4. Nf3 Bd6 (4... Nf6 5. exd5 exd5 6. Bb5 Bb4 7. O-O O-O 8. Bxc6 bxc6 9. Ne5 Bxc3 10. bxc3 Ne4 11. f3 f6 12. Ba3 Nd6 13. Nxc6 Qd7 14. Bxd6 cxd6 15. Nb4 Bb7 16. Qd2 Rfc8 17. Rfe1 {½-½ (43) Dominguez Perez,L (2760)-Jobava,B (2713) Tromsoe 2014}) 5. exd5 exd5 6. Nxd5 {C10: French with 3 Nc3: Unusual Black 3rd moves and 3...dxe4} Nf6 7. Bg5 Be7 $146 ({Predecessor:} 7... Bg4 8. Qe2+ Ne7 9. Bxf6 Be6 10. Nxe7 Bxe7 11. Bxg7 Rg8 12. Be5 Qd7 13. Qd3 Bf5 14. Qd2 {1-0 (42) Vodila,V (1468)-Vertes,I Miskolc 2008}) 8. Nxe7 {White is clearly better.} Qxe7+ 9. Be2 Bf5 10. O-O O-O-O 11. Re1 (11. c3 $18) 11... Rd6 $2 {[#]} (11... Qb4 $16 {was worth a try.}) 12. Bb5 Qd8 (12... Re6 $142 13. Rxe6 Qxe6) 13. Bxc6 $18 Rxc6 14. Ne5 $1 {[%csl LRc6,LRf7]} Rd6 15. Nxf7 Rxd4 16. Nxd8 Rxd1 17. Raxd1 ({Don't do} 17. Rexd1 Rxd8 18. c3 Rd7 $18) 17... Rxd8 18. Rxd8+ Kxd8 {[%mdl 4096] Endgame KRB-KBN} 19. c3 Kd7 20. Bxf6 gxf6 {KR-KB} 21. f3 Kc6 22. g4 Bd7 23. Re7 h6 24. Rh7 b6 25. Rxh6 Kb7 26. Rxf6 Ka6 27. h4 {White mates.} Ka5 28. h5 c5 29. h6 b5 30. h7 b4 31. c4 a6 32. h8=Q {Precision: White = 72%, Black = 16%.} 1-0

[Event "Texas Collegiate chT 2017"]
[Site "Brownsville"]
[Date "2017.10.22"]
[Round "4"]
[White "Hernandez Carmenate, Holden"]
[Black "Vazquez, Guillermo"]
[Result "1/2-1/2"]
[WhiteElo "2463"]
[BlackElo "2430"]
[Annotator "TA"]
[PlyCount "39"]
[EventDate "2017.??.??"]
[EventType "team-tourn"]
[EventCountry "USA"]
[SourceTitle "playchess.com"]
[Source "ChessBase"]
[SourceQuality "1"]

{[%evp 9,39,14,25,25,18,18,17,22,24,10,10,1,28,20,21,18,14,13,51,24,18,5,5,11,8,0,0,0,0,0,0,0]} 1. d4 Nf6 2. Bg5 Ne4 3. Bf4 d5 4. e3 c5 5. Bd3 Nf6 6. c3 {A45: Trompowsky Attack} Nc6 (6... Qb6 7. Qc1 Nc6 8. Nd2 Bg4 9. h3 Bh5 10. Ngf3 Rc8 11. dxc5 Qxc5 12. O-O e6 13. Nd4 Be7 {0-1 (88) Andreikin,D (2743)-Amonatov,F (2614) Almaty 2016}) 7. Nd2 Bg4 8. Ngf3 e6 9. Qa4 Nd7 10. Bb5 Qb6 11. Ne5 Ndxe5 12. dxc5 $146 {[#]} ({Predecessor:} 12. Bxe5 Bh5 13. Nb3 f6 14. Bg3 Kf7 15. dxc5 Bxc5 16. Nxc5 Qxc5 {1-0 (59) Peng,Z (2386)-Haast,A (2266) Amsterdam 2017}) 12... Nd3+ $1 {[%mdl 512]} 13. Bxd3 Qxb2 14. O-O (14. Rb1 $5 {[%cal Rb1b2]} Qxc3 15. Be2 Bxe2 16. Kxe2 Qxc5 17. Rxb7 $11) 14... Bxc5 ({Not} 14... Qxd2 $2 {[#]} 15. Ba6 $1 $18 {[%mdl 512]}) 15. Nb3 {The position is equal.} Qa3 $1 {[%cal Ra3a4]} 16. Nxc5 Qxc5 17. Be5 O-O 18. Bxg7 $1 Kxg7 19. Qxg4+ Kh8 20. Bxh7 {Precision: White = 51%, Black = 74%.} 1/2-1/2

[Event "Texas Collegiate chT 2017"]
[Site "Brownsville"]
[Date "2017.10.22"]
[Round "4"]
[White "Nakar, Eylon"]
[Black "Shtembuliak, Evgeny"]
[Result "1/2-1/2"]
[WhiteElo "2450"]
[BlackElo "2488"]
[Annotator "TA"]
[PlyCount "89"]
[EventDate "2017.??.??"]
[EventType "team-tourn"]
[EventCountry "USA"]
[SourceTitle "playchess.com"]
[Source "ChessBase"]
[SourceQuality "1"]

{[%evp 16,89,29,21,26,23,28,27,30,22,21,20,22,10,25,0,14,14,8,0,4,0,0,0,0,0,8,0,0,0,0,0,0,-43,-42,-26,-2,-28,0,-84,0,-72,-67,-54,15,4,26,43,57,41,260,248,268,252,493,513,387,384,538,257,239,12,183,16,28,0,0,0,0,0,0,0,0,0,0,0]} 1. e4 e6 2. d4 d5 3. Nd2 h6 4. Ngf3 Nf6 5. Bd3 c5 6. exd5 {C03: French Tarrasch: Unusual Black 3rd moves} exd5 7. O-O c4 8. Re1+ Be7 9. Bf1 $146 {LiveBook: 6 Games} ({Predecessor:} 9. Be2 Nc6 10. b3 cxb3 11. axb3 {½-½ (33) Lu,S (2473)-Nguyen,N (2635) Mashhad 2011}) 9... O-O 10. b3 cxb3 11. axb3 Nc6 12. Bd3 Bd6 13. c3 {[%cal Bc2c3,Bc3c4][%mdl 32]} Re8 14. Bb2 Bd7 15. c4 Nb4 16. Bb1 Rxe1+ 17. Qxe1 b6 18. Ne5 Be6 19. Nf1 a5 20. Ne3 Nd7 21. f4 Nxe5 $1 22. fxe5 Bf8 23. Qe2 Qd7 24. Bd3 Nxd3 25. Qxd3 Rd8 26. h3 h5 27. Rf1 (27. Qf1 $11) 27... g6 (27... dxc4 $1 $17 28. bxc4 b5 29. cxb5 Rb8) 28. Rf6 (28. cxd5 $11 {keeps the balance.} Bxd5 29. Nxd5 Qxd5 30. Qc2) 28... dxc4 $17 29. bxc4 Bg7 (29... b5 $1 $15 30. cxb5 Rb8) 30. Qf1 $11 Qe7 31. Rf3 b5 {White must now prevent ...bxc4.} 32. d5 $1 $36 {[%cal Rd5e6,Bd4d5,Bd5d6][%mdl 2080] Black is under pressure.} Bd7 $2 (32... Bc8 $1 $14) 33. d6 $1 $18 {[%cal Rd6e7]} ({Weaker is} 33. cxb5 Rb8 $11) 33... Qe6 34. Nd5 $1 ({Worse is} 34. cxb5 Bxe5 35. Bxe5 Qxe5 $19) 34... Rf8 $2 (34... a4 35. Ne7+ Kh8) 35. Rf6 Qe8 36. c5 b4 (36... a4 $142 37. Rf3 Bc6 38. Ne7+ Kh7) 37. Qa6 (37. Ne7+ $142 Kh7 38. c6 Bxc6 39. Nxc6 Bxf6 40. Qxf6) 37... a4 {[#]} 38. Rf4 $2 (38. Ne7+ $1 $18 Kh7 39. Rf3) 38... a3 $2 {[#]} (38... Qe6 $1 $11 39. Qc4 (39. Nxb4 Qb3 $17) 39... a3) 39. Ba1 $2 (39. Ne7+ $1 $18 Kh7 40. Ba1) 39... Qe6 $1 $11 {[%cal Re6d5]} 40. Ne7+ Kh7 {The position is equal.} 41. Rxb4 Bxe5 42. Qxa3 {Kh1 is the strong threat.} Bxa1 43. Qxa1 {aiming for Kh2.} Qe3+ 44. Kh2 {Hoping for Qd4.} Qxc5 45. Qd4 {Precision: White = 43%, Black = 44%.} 1/2-1/2

[Event "Texas Collegiate chT 2017"]
[Site "Brownsville"]
[Date "2017.10.22"]
[Round "4"]
[White "Ynojosa Aponte, Felix Jose"]
[Black "Raznikov, Danny"]
[Result "0-1"]
[WhiteElo "2433"]
[BlackElo "2491"]
[Annotator "TA"]
[PlyCount "134"]
[EventDate "2017.??.??"]
[EventType "team-tourn"]
[EventCountry "USA"]
[SourceTitle "playchess.com"]
[Source "ChessBase"]
[SourceQuality "1"]

{[%evp 15,134,-30,-30,-20,0,11,20,0,0,0,0,-25,-11,-46,-39,-26,-34,-35,-35,-68,-66,-88,-93,-87,-67,-97,-79,-100,-104,-128,-142,-176,-173,-177,-184,-228,-153,-220,-234,-240,-235,-252,-245,-248,-174,-220,-191,-228,-217,-293,-257,-284,-289,-308,-308,-320,-314,-302,-308,-321,-311,-336,-320,-345,-322,-315,-268,-261,-245,-246,-244,-232,-233,-239,-238,-303,-314,-293,-260,-275,-267,-380,-370,-392,-366,-379,-385,-403,-394,-408,-399,-707,-685,-852,-825,-1539,-1539,-1539,-1539,-1523,-1517,-1184,-1061,-29972,-29972,-29974,-29975,-29974,-29975,-29984,-29952,-29977,-29978,-29983,-29984,-29984,-29985,-29985,-29986,-29986,-29987]} 1. c4 c5 2. Nc3 g6 3. Nf3 Bg7 4. d4 cxd4 5. Nxd4 Nc6 6. Nb3 d6 7. e4 Bxc3+ {B37: Sicilian: Maroczy Bind with 5...Bg7, sidelines} 8. bxc3 Nf6 {LiveBook: 4 Games} 9. f3 b6 {The position is equal.} 10. Bh6 Ba6 $146 ({Predecessor:} 10... Nd7 11. Qd2 Ba6 12. f4 Qc7 13. Be2 Nc5 14. Qe3 Na5 15. Nxa5 bxa5 {0-1 (30) Andresen,S (2385)-Gustafsson,J (2205) Dresden 1995}) 11. Bg7 Rg8 12. Bxf6 $1 exf6 13. Nd4 Na5 14. Be2 Rc8 {[%cal Ba8c8,Bc8c5,Bc5h5][%mdl 32]} 15. Qd2 Bxc4 16. Qh6 Rc5 17. O-O Rh5 18. Qe3 Kf8 19. f4 Bxe2 20. Nxe2 Rc5 21. f5 g5 22. Rfd1 h5 23. Rd4 Nc4 24. Qd3 Qc7 25. Kh1 Ke7 26. h3 (26. h4 $17) 26... h4 $19 27. Rb1 Rc8 28. a4 Qd7 29. Qd1 R8c6 30. Rd3 Ne5 31. Rd2 Rc8 32. Nd4 Rxc3 33. Nb5 {[%cal Rd2d6]} R3c6 34. Nd4 Rc5 35. Nb5 Nc4 36. Re2 Kf8 37. Qd4 Kg7 38. Rg1 Qe7 39. g3 hxg3 40. Rxg3 Qe5 41. Qxe5 Nxe5 42. Nxa7 Ra8 43. Nb5 Rxa4 44. Nxd6 Rc6 45. Nb5 Rb4 46. Na3 Rc1+ 47. Kh2 b5 48. Kg2 (48. Rge3 {was worth a try.}) 48... Rd1 49. Rc3 Rd3 50. Rxd3 Nxd3 {[%mdl 4096] Endgame KRN-KRN} 51. Re3 Rb2+ 52. Kf1 Nf4 53. e5 $2 {[#]} (53. Rf3) 53... fxe5 54. Rxe5 b4 55. Nc4 Rb1+ 56. Re1 Rxe1+ 57. Kxe1 Nxh3 {KN-KN} 58. Ne3 Kf6 59. Nd5+ Kxf5 {Black mates.} 60. Nxb4 Ke4 61. Kf1 f5 {[%cal Bf7f5,Bf5f4,Bf4f3,Bf3f2][%mdl 32]} 62. Nc2 Nf4 63. Kf2 Nd3+ 64. Kg3 f4+ 65. Kg4 f3 66. Kg3 f2 67. Kg2 Ne1+ {Precision: White = 26%, Black = 85%.} 0-1